000
00327nam a22001457a 4500
003
SGT
020
_a
9788131250976
082
_a
346.080954
_b
GUP
100
_a
GUPTA, RAJESH NARAIN
245
_a
BANKING LAW AND PRACTICE IN INDIA
250
_a
27
260
_a
GURGAON
_b
LEXIS NEXIS
_c
2017
300
_a
2533
942
_2
ddc
_c
BK
999
_c
19776
_d
19776